000 00454nam a2200145Ia 4500
008 100122s9999 xx 000 0 und d
082 _b60088
_a823
100 _aजोशी शशिकांत
245 _aउचलली जीभ नि.....
260 _bयोगिता प्रकाशन
_c2001
300 _a100
630 _aउचलली जीभ नि.....
730 _aउचलली जीभ नि.....
942 _cBOOK
999 _c435365
_d435362